Dasar dan pelan tindakan orang kurang upaya.
| Corporate Author: | |
|---|---|
| Format: | Book |
| Published: |
Kuala Lumpur:
Kementerian Pembangunan Wanita Keluarga dan Masyarakat (KPWKM),
2010.
|
| Subjects: |
| LEADER | 00530cam a2200145 7i4500 | ||
|---|---|---|---|
| 001 | 0000024659 | ||
| 005 | 20100617090000.0 | ||
| 090 | 0 | 0 | |a M 362.4 |b KEM |
| 110 | 2 | 0 | |a Kementerian Pembangunan Wanita Keluarga dan Masyarakat (KPWKM) |
| 245 | 2 | 0 | |a Dasar dan pelan tindakan orang kurang upaya. |
| 260 | 0 | 0 | |a Kuala Lumpur: |b Kementerian Pembangunan Wanita Keluarga dan Masyarakat (KPWKM), |c 2010. |
| 300 | # | # | |a 29 p. |
| 650 | 0 | 0 | |a Disable people action plan -- |z Malaysia |
| 651 | 0 | 0 | |a Malaysia |
| 999 | |a 0000027133 |b Book |c Malaysia |e Business Information Centre | ||